1819 1879 1494 1204 1892 1212 1390 1075 1979 1492 1622 1512 1650 1551 1928 1145 1329 1041 1017 1620 1396 1979 1146 1715 1746 1615 1133 1987 1644 1704 1355 1318 1873 1506 1604 1800 1958 1787 1832 1228 1709 1945 1971 1625 1469 1187 1178 1508 1864 1941 1139 1469 1518 1201 1757 1927 1273 1307 1803 1860 1261 1096 1551 1490 1618 1884 1169 1856 1608 1036 1487 1831 1834 1005 1070 1908 1911 1772 1608 1877 1692 1983 1113 1548 1896 1086 1546 1143 1055 1015 1012 1458 1928 1384 1491 1760 1022 1043 1581 BCNSPRNW ULIB Ver.6.0+V

เปลี่ยนเป็นภาษาไทย

Change to English
 แสดงรายละเอียดบรรณานุกรม
  กลับหน้าหลัก

Brief Record : Get Marc (ISO 2709) : E-mail record : QR code < ปิดหน้าต่าง
LEADER : 00000nam 2200000uu 4500
001    13399111765
003     ULIB
008    110627s2552||||th 000 0 tha d
020    9786167081007
090    นว.^bป545พ 2552
100 0  ปาณัฐ
245 00 เพลิงรักเงาหัวใจ/^cปาณัฐ
250    พิมพ์ครั้งที่ 1
260    นนทบุรี :^bสมาร์ทบุ๊ค,^c2552
300    456 หน้า
945    ^p280^l0^i028071
995    ทศพร
999 ^a ใช้งานได้ทุกระบบ
รายการนี้ยังไม่มีแท็ก
คุณยังไม่ได้ล็อกอิน คุณสามารถมีกิจกรรมร่วมกับเว็บไซต์ได้ แต่ต้องล็อกอินก่อน ::
  ล็อกอิน

รายการสื่อสารสนเทศ

ลำดับที่ ประเภท เลขเรียก/บาร์โค้ด สถานที่ สถานะ
1. นวนิยาย
นวนิยาย
นว. ป545พ 2552 ฉ.1 
  Barcode: 028071
ห้องสมุดวิทยาเขตสวรรค์ประชารักษ์
►นวนิยาย
บนชั้น
  ขอยืม

BibComment


ยังไม่เคยถูกคอมเมนท์

คอมเมนท์ทรัพยากรรายการนี้
  คอมเมนท์: เพลิงรักเงาหัวใจ ..


 Copyright 2026. Bcnsprnw @Library